[Event "Titled Tue 17th Jun Early"]
[Site "chess.com INT"]
[Date "2025.06.17"]
[Round "3"]
[White "Nezamyatin, Ruslan"]
[Black "Fiskaaen, Martin Holten"]
[Result "0-1"]
[WhiteTitle "CM"]
[BlackTitle "FM"]
[WhiteElo "2070"]
[BlackElo "2292"]
[WhiteFideId "24153451"]
[BlackFideId "1550233"]
[EventDate "2025.06.17"]

1. d4 Nf6 2. c4 e6 3. Nf3 d5 4. Nc3 Bb4 5. e3 O-O 6. a3 Be7 7. Qc2 b6 8. cxd5
exd5 9. Ne5 Bb7 10. Bd3 c5 11. O-O Nc6 12. Bb5 Rc8 13. Nxc6 Bxc6 14. Ba6 Rb8 15.
Nb5 Qd7 16. a4 Ne4 17. b3 f5 18. Bb2 f4 19. f3 Nd6 20. Nxd6 Bxd6 21. exf4 Rxf4
22. Rad1 Rbf8 23. Bd3 Rh4 24. g3 Rh6 25. f4 Qf7 26. Be2 Bd7 27. Bf3 Be6 28. Rfe1
Kh8 29. Qg2 Bh3 30. Qh1 Be6 31. dxc5 Bxc5+ 32. Bd4 Bxd4+ 33. Rxd4 Qc7 34. Bxd5
Qc5 35. Rd1 Rd8 36. Qe4 Bxd5 37. b4 Qc6 38. Rxd5 Rf8 39. Rd8 Qf6 40. Rxf8+ Qxf8
41. Qb7 Re6 42. Qc7 Re8 43. Rd7 Rc8 44. Qxa7 Rc1+ 45. Kg2 Rc2+ 46. Kf3 h6 47.
Rd3 Qc8 48. Re3 Qc6+ 49. Kg4 Qg6+ 50. Kf3 Qc6+ 51. Kg4 h5+ 52. Kh4 Qf6+ 53. Kh3
Qf5+ 54. g4 Qxg4# 0-1

[Event "Titled Tue 17th Jun Early"]
[Site "chess.com INT"]
[Date "2025.06.17"]
[Round "3"]
[White "Palczert, Matyas"]
[Black "Niemann, Hans Moke"]
[Result "0-1"]
[WhiteTitle "FM"]
[BlackTitle "GM"]
[WhiteElo "2396"]
[BlackElo "2736"]
[WhiteFideId "784958"]
[BlackFideId "2093596"]
[EventDate "2025.06.17"]

1. b3 e5 2. Bb2 Nc6 3. c4 Nf6 4. e3 d5 5. cxd5 Nxd5 6. a3 Be6 7. Qc2 Qd7 8. Nf3
f6 9. Bb5 a6 10. Bxc6 Qxc6 11. Qxc6+ bxc6 12. d4 e4 13. Nfd2 f5 14. Nc4 a5 15.
Nbd2 Bd6 16. Rc1 Ra6 17. O-O O-O 18. f3 exf3 19. gxf3 Be7 20. Kh1 Rb8 21. Rfe1
Bh4 22. Re2 h6 23. Ne5 Ne7 24. Nd3 Bf7 25. Nc5 Raa8 26. e4 Re8 27. Rg1 Kh7 28.
Nc4 g5 29. a4 Bh5 30. Ne5 Ng6 31. Rf1 Nxe5 32. dxe5 f4 33. Nd7 g4 34. fxg4 Bxg4
35. Rg2 Bh3 36. Rxf4 Bxg2+ 37. Kxg2 Bg5 38. Rf7+ Kg6 39. Rf5 Rad8 40. e6 Rxe6
41. Nf8+ Rxf8 42. Rxf8 Rxe4 43. Bc3 Be7 44. Rf3 Bb4 45. Rg3+ Kf5 46. Bxb4 axb4
47. Rg7 Re2+ 48. Kf1 Rxh2 49. Rxc7 Rc2 50. a5 Ke6 51. a6 Kd6 52. a7 Ra2 53. Rh7
Kd5 54. Rxh6 Rxa7 55. Rh4 c5 56. Ke2 Ra3 57. Rh3 c4 58. bxc4+ Kxc4 59. Rh4+ Kc3
60. Rh3+ Kb2 61. Rh4 b3 62. Kd3 Ka2 63. Rh2+ b2+ 64. Kc2 b1=Q+ 0-1

[Event "Titled Tue 17th Jun Early"]
[Site "chess.com INT"]
[Date "2025.06.17"]
[Round "3"]
[White "Garcia Molina, Jose"]
[Black "Drozdowski, Kacper"]
[Result "0-1"]
[WhiteTitle "FM"]
[BlackTitle "IM"]
[WhiteElo "2156"]
[BlackElo "2450"]
[WhiteFideId "32030592"]
[BlackFideId "1136720"]
[EventDate "2025.06.17"]

1. Nf3 Nf6 2. b3 e6 3. Bb2 b6 4. g3 Bb7 5. Bg2 Be7 6. O-O O-O 7. c4 d5 8. cxd5
Nxd5 9. d3 c5 10. Nbd2 Nc6 11. a3 Bf6 12. Qc1 Rc8 13. Ne4 Bxb2 14. Qxb2 f5 15.
Ned2 Qf6 16. Qxf6 gxf6 17. Nc4 Rfd8 18. Rfc1 Kf7 19. Rc2 Nd4 20. Nxd4 cxd4 21.
Rac1 Rb8 22. Bxd5 Bxd5 23. b4 Ke7 24. Nd2 Rd7 25. f4 h5 26. Kf2 Rh8 27. Rc8 Rxc8
28. Rxc8 Kd6 29. e3 dxe3+ 30. Kxe3 b5 31. Nb1 Rh7 32. Nc3 Bc6 33. Rd8+ Kc7 34.
Rf8 h4 35. Rxf6 hxg3 36. hxg3 Kd7 37. Rg6 a6 38. Kd4 Kd6 39. Rg8 Rh1 40. Rd8+
Kc7 41. Rg8 Ra1 42. Rg6 Rxa3 43. Rxe6 Rb3 44. Rf6 Bg2 45. Rxf5 Rxb4+ 46. Kc5 Rb3
47. Rf7+ Kd8 48. Nd5 Bxd5 49. Kxd5 Rxd3+ 50. Kc5 Rxg3 51. Kb6 Ra3 52. f5 Ke8 53.
Rb7 b4 54. Kc6 a5 55. Kd6 Rd3+ 56. Ke6 Re3+ 57. Kd6 b3 58. f6 a4 59. Ra7 b2 60.
Ra8+ Kf7 61. Rb8 a3 62. Rb7+ Kxf6 63. Rb4 a2 64. Rf4+ Kg5 65. Ra4 a1=Q 66. Rxa1
bxa1=Q 67. Kc5 Qd1 68. Kc4 Re2 69. Kb4 Rc2 70. Kb3 Qb1+ 71. Ka3 Ra2# 0-1

[Event "Titled Tue 17th Jun Early"]
[Site "chess.com INT"]
[Date "2025.06.17"]
[Round "3"]
[White "Chan, Mark"]
[Black "Dehtiarov, Roman"]
[Result "0-1"]
[WhiteTitle "FM"]
[BlackTitle "FM"]
[WhiteElo "2179"]
[BlackElo "2416"]
[WhiteFideId "5800560"]
[BlackFideId "14186640"]
[EventDate "2025.06.17"]

1. e4 e5 2. Nf3 Nc6 3. Bc4 Bc5 4. b4 Bxb4 5. c3 Be7 6. d4 Na5 7. Bd3 d6 8. dxe5
dxe5 9. Nxe5 Nf6 10. O-O O-O 11. Qc2 c5 12. Nd2 Qc7 13. Ndc4 Nxc4 14. Nxc4 b5
15. Ne3 Bb7 16. c4 bxc4 17. Qxc4 Rfd8 18. Bb2 Rxd3 19. Qxd3 Bxe4 20. Qc3 Bd6 21.
h3 Re8 22. Rfd1 Be5 23. Qa3 Bh2+ 24. Kh1 Bf4 25. Bxf6 gxf6 26. Nd5 Qd6 27. Nxf4
Qxf4 28. Qg3+ Qxg3 29. fxg3 c4 30. Re1 f5 31. g4 Rc8 32. gxf5 Bxf5 33. Re5 Bg6
34. Rae1 Kg7 35. Re8 Rc6 36. Kg1 c3 37. Kf2 c2 38. Rc1 Ra6 39. h4 h5 40. Ke3
Rxa2 41. Kd2 Ra4 42. g3 Rd4+ 43. Kc3 Rd3+ 44. Kb2 Rxg3 45. Ra8 Rg4 46. Rxa7 Rb4+
47. Kc3 Rxh4 48. Kb2 Rb4+ 49. Kc3 Rg4 50. Kb2 h4 51. Ra3 Kh6 52. Ra5 Be4 53. Ra4
Kg5 54. Re1 f5 55. Ra7 Rg3 56. Rg7+ Kf4 57. Rh7 Kg4 58. Rg7+ Kh3 59. Rh1+ Bxh1 0-1

[Event "Titled Tue 17th Jun Early"]
[Site "chess.com INT"]
[Date "2025.06.17"]
[Round "3"]
[White "Gutierrez Olivares, Daniel"]
[Black "Mekhitarian, Krikor Sevag"]
[Result "0-1"]
[WhiteTitle "FM"]
[BlackTitle "GM"]
[WhiteElo "2354"]
[BlackElo "2564"]
[WhiteFideId "2264005"]
[BlackFideId "2107660"]
[EventDate "2025.06.17"]

1. Nf3 d5 2. g3 Nc6 3. c4 d4 4. a3 a5 5. d3 e5 6. Bg2 Be7 7. e3 dxe3 8. Bxe3 Nf6
9. O-O O-O 10. Nc3 Be6 11. b3 Ng4 12. Bc1 Bc5 13. Ne4 Be7 14. h3 Nf6 15. Bb2
Nxe4 16. dxe4 f6 17. Qe2 Qc8 18. Kh2 Rd8 19. Rad1 b6 20. Nh4 Bc5 21. Nf5 g6 22.
Ne3 Nd4 23. Bxd4 Rxd4 24. Rxd4 Bxd4 25. Nd5 Kg7 26. f4 exf4 27. Nxf4 Bf7 28. e5
Bxe5 29. Bxa8 Qxa8 30. Qf3 Qe8 31. Nd5 Qe6 32. Re1 Qd6 33. Ne3 Qxa3 34. Ng4 Bd4
35. Re2 Qc5 36. Qf4 g5 37. Qf3 a4 38. bxa4 Qxc4 39. Ne3 Bxe3 40. Rxe3 Bd5 41.
Qf2 Qc5 42. Qe2 Kf7 43. Qh5+ Kg7 44. Qe2 Bf7 45. Re7 Qd6 46. Re3 c5 47. Qf3 c4
48. Kg2 Qd2+ 49. Qf2 Qd6 50. Kh2 h6 51. Qb2 Qc5 52. Rc3 Bd5 53. Qb5 Qd4 54. Qd7+
Kg6 55. Rc2 Qe4 0-1

[Event "Titled Tue 17th Jun Early"]
[Site "chess.com INT"]
[Date "2025.06.17"]
[Round "3"]
[White "Kjaergaard-Jensen, Jesper"]
[Black "Novosel, Lovro"]
[Result "0-1"]
[WhiteTitle "CM"]
[BlackTitle "FM"]
[WhiteElo "2081"]
[BlackElo "2338"]
[WhiteFideId "1406990"]
[BlackFideId "14547120"]
[EventDate "2025.06.17"]

1. d4 Nf6 2. Nf3 g6 3. c3 Bg7 4. Bg5 h6 5. Bxf6 exf6 6. Nbd2 f5 7. g3 O-O 8. Bg2
d5 9. O-O Re8 10. Re1 c6 11. Qb3 Nd7 12. e3 Nf6 13. Rf1 Ne4 14. Nxe4 fxe4 15.
Nd2 h5 16. Rae1 h4 17. f3 h3 18. Bh1 f5 19. fxe4 fxe4 20. Nxe4 Bf5 21. Nf2 Qd7
22. e4 Be6 23. exd5 Bxd5 24. Bxd5+ cxd5 25. Nd3 Rxe1 26. Rxe1 Rf8 27. Nf4 Rxf4
28. gxf4 Qg4+ 29. Kf2 Qg2+ 30. Ke3 Bh6 31. Re2 Qe4+ 32. Kf2 Qxf4+ 33. Ke1 Qg5
34. Rf2 Qe3+ 35. Kf1 Qe4 36. Qc2 Qh1+ 37. Ke2 Qg1 38. Qd3 Kh7 39. Qxh3 Qc1 40.
Rf7+ Kg8 41. Rf2 Kh7 42. Kf3 Kg7 43. Kg2 Be3 44. Qd7+ Kh6 45. Rf3 Qg1+ 46. Kh3
Bg5 47. Qg4 Qd1 48. Qg2 Qe1 49. Rg3 Qe6+ 50. Rg4 Kh5 51. Qg3 Qf5 52. Qg2 Bf4 53.
Qf3 g5 54. Qe2 b5 55. Qg2 a5 56. Qe2 a4 57. Qf3 Qe6 58. Qg2 Qe3+ 59. Rg3 g4# 0-1

[Event "Titled Tue 17th Jun Early"]
[Site "chess.com INT"]
[Date "2025.06.17"]
[Round "3"]
[White "Paravyan, David"]
[Black "Pavlov, Nikolay"]
[Result "1/2-1/2"]
[WhiteTitle "GM"]
[BlackTitle "FM"]
[WhiteElo "2589"]
[BlackElo "2316"]
[WhiteFideId "4194985"]
[BlackFideId "24141470"]
[EventDate "2025.06.17"]

1. d4 Nf6 2. Bg5 d6 3. Nc3 Nbd7 4. e4 e5 5. Nf3 Be7 6. Bc4 h6 7. Be3 Ng4 8. Bc1
c6 9. a4 O-O 10. h3 Ngf6 11. O-O exd4 12. Nxd4 Nc5 13. Re1 a5 14. Bf4 Re8 15. e5
dxe5 16. Bxe5 Ncd7 17. Nf3 Bb4 18. Bd4 Rxe1+ 19. Qxe1 Nf8 20. Rd1 Qe7 21. Qxe7
Bxe7 22. Bxf6 Bxf6 23. Ne4 Bxb2 24. Rd8 b5 25. axb5 Bb7 26. Rxa8 Bxa8 27. b6 Nd7
28. b7 Bxb7 29. Nd6 Nc5 30. Bxf7+ Kf8 31. Nh4 Ke7 32. Nhf5+ Kd7 33. Nxb7 Nxb7
34. Kf1 Nd6 35. Nxd6 Kxd6 36. Ke2 Kc5 37. Kd3 Kb4 38. f4 Bc3 39. g4 Bf6 40. Kd2
Ka3 41. Kc1 Bc3 42. Kb1 Kb4 43. g5 hxg5 44. fxg5 Kc5 45. h4 Kd6 46. h5 Bd2 47.
h6 gxh6 48. gxh6 Bxh6 49. Ka2 Kc5 50. Bh5 Kb4 51. Bf3 Bg7 52. Bxc6 Bc3 53. Be8
a4 54. Bf7 a3 55. Be8 Bb2 56. Bf7 Bc3 57. Be8 Bb2 58. Bf7 Bc3 1/2-1/2

[Event "Titled Tue 17th Jun Early"]
[Site "chess.com INT"]
[Date "2025.06.17"]
[Round "3"]
[White "Manukian, Artak"]
[Black "Skiadopoulos, Nikolaos"]
[Result "1/2-1/2"]
[BlackTitle "CM"]
[WhiteElo "2104"]
[BlackElo "1882"]
[WhiteFideId "13301373"]
[BlackFideId "4200772"]
[EventDate "2025.06.17"]

1. e4 c5 2. Nf3 Nc6 3. c3 d5 4. exd5 Qxd5 5. d4 cxd4 6. cxd4 e5 7. Nc3 Bb4 8.
Bd2 Bxc3 9. Bxc3 e4 10. Ne5 Nxe5 11. dxe5 Ne7 12. Qa4+ Bd7 13. Qa3 e3 14. fxe3
Nf5 15. Bd2 a6 16. Rc1 Bc6 17. Rc5 Qe4 18. Qd3 Rd8 19. Qxe4 Bxe4 20. Rg1 O-O 21.
Rc4 Bd5 22. Rf4 Ne7 23. Bb4 Rfe8 24. Bxe7 Rxe7 25. Rd4 Rxe5 26. Kd2 Rde8 27. a3
Bc6 28. Bc4 Rxe3 29. Rf1 R3e7 30. Rdf4 Rd8+ 31. Kc3 Bd5 32. Rd1 Red7 33. Rfd4
Be6 34. Bxe6 Rxd4 35. Bxf7+ Kxf7 36. Rxd4 Rc8+ 37. Kb3 Ke6 38. a4 b6 39. Rb4 Rc6
40. g4 h6 41. h4 g6 42. Re4+ Kf6 43. Rd4 Ke6 44. Re4+ Kf6 45. Rd4 g5 46. h5 Re6
47. Kc4 Rc6+ 48. Kd3 Re6 49. b4 Ke5 50. Re4+ Kd6 51. Rxe6+ Kxe6 52. Ke4 a5 53.
bxa5 bxa5 54. Kd4 Kd6 55. Kc4 Kc6 56. Kd4 Kd6 57. Kc4 Kc6 58. Kd4 Kd6 1/2-1/2

[Event "Titled Tue 17th Jun Early"]
[Site "chess.com INT"]
[Date "2025.06.17"]
[Round "3"]
[White "Gubatayev, Ahmet"]
[Black "Salinas Herrera, Pablo"]
[Result "0-1"]
[WhiteTitle "CM"]
[BlackTitle "GM"]
[WhiteElo "2191"]
[BlackElo "2447"]
[WhiteFideId "14004526"]
[BlackFideId "3407128"]
[EventDate "2025.06.17"]

1. Nf3 d5 2. d4 Nf6 3. c4 e6 4. Nc3 c6 5. Bg5 Nbd7 6. e3 Qa5 7. Bxf6 Nxf6 8. Nd2
Be7 9. Bd3 O-O 10. O-O Rd8 11. a3 Qc7 12. Rc1 e5 13. cxd5 exd4 14. Nb5 Qb6 15.
Nxd4 Nxd5 16. Nc4 Qc7 17. Qf3 Bf6 18. Nf5 Bxf5 19. Bxf5 Qe7 20. Rfe1 Nb6 21. Bb1
Nxc4 22. Rxc4 Bxb2 23. Re4 Qd7 24. Rh4 g6 25. a4 Bc3 26. Rf1 Be5 27. Re4 Bg7 28.
h4 Re8 29. Rf4 Be5 30. Rg4 Rad8 31. h5 Qd5 32. Qh3 Qe6 33. hxg6 hxg6 34. Qf3 Qf6
35. Qh3 Kg7 36. f4 Bc7 37. f5 Rxe3 38. fxg6 Rxh3 39. gxf7+ Kxf7 40. Ba2+ Ke7 41.
Rxf6 Kxf6 42. gxh3 Rd1+ 43. Kf2 Rd2+ 44. Ke3 Rxa2 45. Kf3 Ra3+ 46. Kg2 Be5 47.
Re4 Kf5 48. Rg4 b5 49. axb5 cxb5 50. Rh4 a5 51. Rh5+ Ke4 52. Rh4+ Bf4 53. Rh7
Ra2+ 54. Kf1 b4 0-1

[Event "Titled Tue 17th Jun Early"]
[Site "chess.com INT"]
[Date "2025.06.17"]
[Round "3"]
[White "Lisenkov, Svyatoslav"]
[Black "Bukreev, Stanislav"]
[Result "0-1"]
[WhiteTitle "CM"]
[BlackTitle "FM"]
[WhiteElo "2283"]
[BlackElo "2305"]
[WhiteFideId "34264183"]
[BlackFideId "34252347"]
[EventDate "2025.06.17"]

1. e4 e6 2. d4 d5 3. exd5 exd5 4. Nf3 Nc6 5. Bd3 Nb4 6. O-O Nxd3 7. Qxd3 Bd6 8.
Re1+ Ne7 9. Bg5 O-O 10. c4 dxc4 11. Qxc4 h6 12. Bh4 Qd7 13. Ne5 Qe6 14. Nc3 Nf5
15. d5 Qxe5 16. Rxe5 Bxe5 17. Re1 Bd6 18. Nb5 Bd7 19. Nxd6 cxd6 20. Bg3 Rfc8 21.
Qb4 b5 22. h3 a5 23. Qd2 Rc4 24. b3 Rd4 25. Qc2 Rxd5 26. Qc7 Be6 27. Qb7 Rc8 28.
Bf4 Rc2 29. a4 bxa4 30. bxa4 Rd4 31. Be3 Rxa4 32. Qb8+ Kh7 33. Qb1 Raa2 34. g4
Nxe3 35. Rxe3 a4 36. Rc3 Bb3 37. Rxc2 Rxc2 38. Qa1 d5 39. Qe5 a3 40. Qf5+ Kg8
41. Qe5 a2 42. Kg2 Rc1 43. Qe8+ Kh7 44. Qxf7 a1=Q 45. Qf5+ Kh8 46. Qf8+ Kh7 47.
Qf5+ Kg8 48. Qe6+ Kf8 49. Qd6+ Kf7 50. Qd7+ Kf6 51. Qd6+ Kg5 52. f4+ Kh4 53.
Qe7+ Qf6 54. Qe2 Rc2 55. Qxc2 Bxc2 56. Kf3 Qc3+ 57. Ke2 Be4 58. Kf2 Qf3+ 59. Ke1
Qe3+ 60. Kd1 Qd3+ 61. Ke1 Qc2 0-1

[Event "Titled Tue 17th Jun Early"]
[Site "chess.com INT"]
[Date "2025.06.17"]
[Round "3"]
[White "Stanojevic, Ilija"]
[Black "Hansen, Eric"]
[Result "0-1"]
[WhiteTitle "FM"]
[BlackTitle "GM"]
[WhiteElo "2189"]
[BlackElo "2609"]
[WhiteFideId "959995"]
[BlackFideId "2606771"]
[EventDate "2025.06.17"]

1. e4 c5 2. Nf3 e6 3. d3 d5 4. Qe2 Nc6 5. g3 dxe4 6. dxe4 e5 7. c3 h6 8. Bg2 Nf6
9. O-O Be6 10. Nbd2 Be7 11. Nc4 Qc7 12. a4 O-O 13. Re1 Rad8 14. Bf1 a6 15. h3
Rfe8 16. Kh2 Bxc4 17. Qxc4 Na5 18. Qe2 c4 19. Nd2 Rc8 20. Rb1 Red8 21. b4 cxb3
22. Nxb3 Nc4 23. Nd2 Nxd2 24. Bxd2 Nxe4 25. Bxh6 Nxc3 26. Qg4 Bf6 27. Rbc1 Qd7
28. Qxd7 Rxd7 29. Be3 Rdc7 30. a5 Nd5 31. Rxc7 Rxc7 32. Bg2 Nxe3 33. Rxe3 Rc5
34. Bxb7 Rxa5 35. Rb3 Ra2 36. Kg2 Be7 37. Be4 g6 38. Rc3 Rd2 39. Rd3 Re2 40. Bf3
Rb2 41. Rc3 a5 42. Bd5 Rb5 43. Bc6 Rb4 44. Bd5 Rd4 45. Bb3 a4 46. Ba2 Rd2 47.
Bc4 Kf8 48. Rd3 Rc2 49. Bd5 Bc5 50. Rf3 f5 51. g4 f4 52. Be4 Rb2 53. Rc3 Rxf2+
54. Kh1 Bd4 55. Rc8+ Ke7 56. Ra8 Re2 57. Bxg6 Kf6 58. Bf5 f3 59. Ra6+ Kg5 60.
Rxa4 Kf4 61. Ra3 Kg3 0-1

[Event "Titled Tue 17th Jun Early"]
[Site "chess.com INT"]
[Date "2025.06.17"]
[Round "3"]
[White "Otdelnov, Kirill"]
[Black "Molina Sumoza, Jesus Alberto"]
[Result "1-0"]
[WhiteTitle "FM"]
[BlackTitle "CM"]
[WhiteElo "2273"]
[BlackElo "2025"]
[WhiteFideId "24280216"]
[BlackFideId "3901874"]
[EventDate "2025.06.17"]

1. Nf3 Nf6 2. e3 d5 3. b3 g6 4. Bb2 Bg7 5. g3 O-O 6. Bg2 c5 7. O-O d4 8. Na3 Nc6
9. Nc4 Nd5 10. e4 Nb6 11. d3 Nxc4 12. bxc4 e5 13. Bc1 b6 14. a4 h6 15. Bd2 Be6
16. Ne1 Qd7 17. f4 exf4 18. Bxf4 Ne5 19. Qc1 Kh7 20. Nf3 Nc6 21. h4 Rad8 22. e5
Bg4 23. Qd2 Bxf3 24. Bxf3 Nxe5 25. Bd5 f5 26. Rfe1 Rfe8 27. Qg2 Qc8 28. a5 bxa5
29. Bd2 Ng4 30. Rxa5 Rxe1+ 31. Bxe1 Ne3 32. Qf3 Qc7 33. h5 g5 34. Ra2 g4 35. Qf2
Be5 36. Ba5 Qb8 37. Bxd8 Qb1+ 38. Kh2 Qxa2 39. Be6 Qxc2 40. Bxf5+ Kg7 41. Qxc2
Nxc2 42. Bxg4 Ne3 43. Bf3 Nf1+ 44. Kg2 Nxg3 45. Be7 Nf5 46. Bxc5 a5 47. Bc6 Ne3+
48. Kf3 Kf6 49. Ke4 Nc2 50. Ba4 Ne1 51. Bf8 Ng2 52. Bxh6 Nh4 53. Bd2 Bc7 54.
Kxd4 Nf3+ 55. Ke3 Nxd2 56. Kxd2 Kg5 57. Be8 Bb6 58. Kc3 a4 59. d4 a3 60. c5 Ba5+
61. Kb3 Bb4 62. c6 a2 63. Kxa2 Bd6 64. Kb3 1-0

[Event "Titled Tue 17th Jun Early"]
[Site "chess.com INT"]
[Date "2025.06.17"]
[Round "3"]
[White "Sahbudak, Baris Cinar"]
[Black "Kravtsiv, Martyn"]
[Result "0-1"]
[WhiteTitle "CM"]
[BlackTitle "GM"]
[WhiteElo "2072"]
[BlackElo "2598"]
[WhiteFideId "26351633"]
[BlackFideId "14113147"]
[EventDate "2025.06.17"]

1. e4 b6 2. d4 Bb7 3. Nc3 g6 4. g3 Bg7 5. Bg2 e6 6. Nge2 Ne7 7. O-O d6 8. Be3
Nd7 9. f4 f5 10. e5 Bxg2 11. Kxg2 Qc8 12. Qd2 Qb7+ 13. Kg1 O-O-O 14. a4 dxe5 15.
fxe5 Nxe5 16. Bg5 Rhe8 17. Qe3 Ng4 18. Qxe6+ Kb8 19. Qf7 Bh6 20. Bxh6 Nxh6 21.
Qxh7 Ng4 22. Nf4 Nc6 23. d5 Nce5 24. Nxg6 Ne3 25. Nxe5 Rxe5 26. Rae1 Rde8 27.
Rf3 Qc8 28. Re2 Nxd5 29. Rxe5 Rxe5 30. Nxd5 Rxd5 31. Rd3 Re5 32. Qh4 Qe6 33.
Qd8+ Kb7 34. Rd1 Qc6 35. Qd3 Qxa4 36. b3 Qg4 37. Rf1 Qg5 38. Qf3+ Kb8 39. Qf4
Qe7 40. Qd4 a5 41. Rf2 Re4 42. Qd3 Re1+ 43. Kg2 Re3 44. Qxf5 Ka7 45. Qf4 Rc3 46.
h4 Qc5 47. h5 Rxc2 48. Rxc2 Qxc2+ 49. Kh3 Qxb3 50. h6 Qe6+ 51. Kh4 Qg6 52. Qg5
Qe4+ 53. Kh5 a4 54. Qg6 Qh1+ 55. Kg4 a3 56. h7 a2 57. Qg7 a1=Q 58. Qxc7+ Qb7 59.
Qd8 Qag7+ 0-1

[Event "Titled Tue 17th Jun Early"]
[Site "chess.com INT"]
[Date "2025.06.17"]
[Round "3"]
[White "Martic, Ivan SRB"]
[Black "Goryachkina, Aleksandra"]
[Result "0-1"]
[WhiteTitle "FM"]
[BlackTitle "GM"]
[WhiteElo "2270"]
[BlackElo "2533"]
[WhiteFideId "929301"]
[BlackFideId "4147103"]
[EventDate "2025.06.17"]

1. e4 c5 2. Nf3 d6 3. d4 cxd4 4. Nxd4 Nf6 5. Nc3 Nc6 6. Bg5 g6 7. Bxf6 exf6 8.
Bc4 Bg7 9. O-O O-O 10. Ndb5 f5 11. exf5 Bxf5 12. Nxd6 Ne5 13. Bb3 Bg4 14. Qd2
Bf3 15. Kh1 Qh4 16. Rae1 Bh6 17. Qxh6 Qxh6 18. Rxe5 Qf4 19. Nxf7 Rxf7 20. Re7
Bxg2+ 21. Kg1 Bxf1 22. Rxf7 Qxf7 23. Bxf7+ Kxf7 24. Kxf1 Rd8 25. Ke2 a6 26. a4
Rd4 27. b3 Rh4 28. Nd5 Rxh2 29. c4 Rh1 30. c5 h5 31. b4 h4 32. Kf3 Rd1 33. Nb6
Rb1 34. Nd5 g5 35. Kg4 Kg6 36. f4 gxf4 37. Nxf4+ Kf6 38. Kh3 Ke5 39. Ng6+ Kd5
40. b5 axb5 41. axb5 Kxc5 42. Kxh4 Kxb5 43. Kg3 Kc4 44. Kf2 b5 45. Ke2 Kc3 46.
Nf4 Rh1 47. Ke3 Re1+ 48. Kf2 Re5 49. Ng6 Re8 50. Nf4 b4 51. Nd5+ Kb3 52. Kf3 Rd8
53. Nc7 Kc2 54. Ne6 Rb8 55. Nd4+ Kc3 56. Nc6 Rb6 57. Ne5 b3 58. Ke2 b2 59. Nd7
b1=Q 0-1

[Event "Titled Tue 17th Jun Early"]
[Site "chess.com INT"]
[Date "2025.06.17"]
[Round "3"]
[White "Kholyavko, Mariya"]
[Black "Agarwal, Amaya"]
[Result "1-0"]
[WhiteTitle "WFM"]
[BlackTitle "WCM"]
[WhiteElo "2175"]
[BlackElo "2004"]
[WhiteFideId "13748505"]
[BlackFideId "48733580"]
[EventDate "2025.06.17"]

1. g3 d5 2. Bg2 e5 3. d3 Nf6 4. e3 Be7 5. Ne2 O-O 6. b3 c5 7. Bb2 Nc6 8. c4 Be6
9. Nd2 Rc8 10. f4 exf4 11. Nxf4 Bg4 12. Bf3 Bxf3 13. Qxf3 d4 14. O-O Ne5 15. Qe2
Re8 16. exd4 Nc6 17. d5 Nd4 18. Bxd4 cxd4 19. h3 Bb4 20. Qf2 Bc3 21. Rae1 Rxe1
22. Rxe1 Bxd2 23. Qxd2 Qd7 24. Qf2 Re8 25. Rxe8+ Qxe8 26. Qxd4 Qe1+ 27. Kg2 Qd2+
28. Qf2 Qb4 29. g4 Qd6 30. Ne2 Nd7 31. Ng3 Ne5 32. d4 Nd3 33. Qe3 g6 34. Qxd3
Kg7 35. Ne4 Qe7 36. Qf3 Qd7 37. Qf6+ Kg8 38. Ng5 h6 39. Ne4 Qe8 40. Kf3 g5 41.
Qe5 Qf8 42. Nf6+ Kh8 43. Nd7+ Qg7 44. Qxg7+ Kxg7 45. d6 f6 46. Nc5 Kf7 47. d5
Ke8 48. Ke4 Kd8 49. Kf5 b6 50. Ne6+ Ke8 51. Kxf6 Kd7 52. Kg6 Kxd6 53. Kxh6 b5
54. Kxg5 bxc4 55. bxc4 a5 56. h4 a4 57. h5 a3 58. h6 Ke7 59. h7 Kf7 60. h8=Q Ke7
61. Qf8+ Kd7 62. Qd8# 1-0

[Event "Titled Tue 17th Jun Early"]
[Site "chess.com INT"]
[Date "2025.06.17"]
[Round "3"]
[White "Atis, Hasan"]
[Black "Unver, Cumayi"]
[Result "1/2-1/2"]
[WhiteTitle "CM"]
[WhiteElo "2089"]
[BlackElo "2012"]
[WhiteFideId "44598017"]
[BlackFideId "6304940"]
[EventDate "2025.06.17"]

1. e4 e5 2. Nf3 Nc6 3. Bb5 Nf6 4. O-O Nxe4 5. d4 Nd6 6. Bxc6 dxc6 7. dxe5 Nf5 8.
Qxd8+ Kxd8 9. h3 Be7 10. Nc3 h6 11. Ne4 Be6 12. b3 Ke8 13. Bb2 Rd8 14. Rad1 b6
15. Rfe1 a5 16. g4 Nh4 17. Nd4 c5 18. Nxe6 Nf3+ 19. Kh1 fxe6 20. Rxd8+ Kxd8 21.
Re3 Ng5 22. Ng3 Rf8 23. Kg2 Nh7 24. c4 Bg5 25. Re1 Ke7 26. Nh5 g6 27. Ng3 Bf4
28. Ne4 Ng5 29. Nf6 Nf7 30. h4 Nxe5 31. Nd5+ exd5 32. Bxe5 Kd7 33. Bxf4 Rxf4 34.
Kg3 Rd4 35. cxd5 Rxd5 36. Re2 b5 37. f3 g5 38. hxg5 hxg5 39. Rh2 c4 40. bxc4
bxc4 41. Rc2 Rc5 42. Kf2 Kd6 43. Ke3 Ke5 44. Rc3 a4 45. Rc2 c3 46. Kd3 Kf4 47.
Kd4 Rc6 48. Kd5 Rd6+ 49. Kc5 Rd3 50. Kc4 Rxf3 51. Kb4 Kxg4 52. Kxa4 Kf4 53. Kb4
g4 54. a4 g3 55. Rg2 Rf2 56. Rg1 c2 57. a5 Kg4 58. a6 Rf6 59. Ka5 Kh3 60. Rc1 g2
61. a7 Rf8 62. Ka6 Kg3 63. Kb7 Kf3 64. Kxc7 Ke3 65. Kb7 Kd2 66. Rg1 c1=Q 67.
Rxg2+ Kd3 68. Rg3+ Ke4 69. Rb3 Rf7+ 70. Kb6 Rxa7 71. Kxa7 Qc4 72. Rb6 Qc5 73.
Kb7 Kd4 74. Ka6 Qg5 75. Kb7 Qe7+ 76. Ka6 Qd8 77. Rb7 Qc8 78. Kb6 Kc4 79. Rc7+
Qxc7+ 80. Kxc7 1/2-1/2

[Event "Titled Tue 17th Jun Early"]
[Site "chess.com INT"]
[Date "2025.06.17"]
[Round "3"]
[White "Li, Hui"]
[Black "Kiseleva, Arina"]
[Result "1-0"]
[WhiteTitle "CM"]
[BlackTitle "WCM"]
[WhiteElo "2041"]
[BlackElo "1994"]
[WhiteFideId "15400310"]
[BlackFideId "4164989"]
[EventDate "2025.06.17"]

1. e4 c6 2. d4 d5 3. Nd2 dxe4 4. Nxe4 Nf6 5. Nxf6+ exf6 6. c3 Bd6 7. Bd3 O-O 8.
Qc2 Re8+ 9. Ne2 h5 10. O-O h4 11. Bf4 Na6 12. Rfe1 Nc7 13. Bxd6 Qxd6 14. g3 h3
15. Nf4 g5 16. Rxe8+ Nxe8 17. Bc4 f5 18. Nxh3 Qh6 19. Qd2 f4 20. Nxf4 gxf4 21.
Qxf4 Qxf4 22. gxf4 Be6 23. Bb3 Bxb3 24. axb3 a6 25. f3 Nf6 26. Kf2 Re8 27. Rg1+
Kf8 28. Rg5 Nd5 29. f5 Nf4 30. Kg3 Nd3 31. h4 Re1 32. f6 Rg1+ 33. Kh3 Rxg5 34.
hxg5 Nxb2 35. Kg4 Nd1 36. Kf5 Nxc3 37. Ke5 Ne2 38. d5 cxd5 39. Kxd5 Ng1 40. f4
Ne2 41. f5 Nc1 42. b4 Nd3 43. g6 Nxb4+ 44. Kc5 Nd3+ 45. Kd6 fxg6 46. fxg6 Nf4
47. g7+ Kf7 48. Ke5 Ng6+ 49. Kf5 a5 50. Kg5 a4 51. Kh6 a3 52. Kh7 Ne7 53. fxe7 1-0